Peoples of Central Asia / (Record no. 25635)
[ view plain ]
| 000 -LEADER | |
|---|---|
| fixed length control field | 01025cam a2200301 4500 |
| 001 - CONTROL NUMBER | |
| control field | 25635 |
| 003 - CONTROL NUMBER IDENTIFIER | |
| rucl marc code | BD-RjUL |
| 005 - DATE AND TIME OF LATEST TRANSACTION | |
| control field | 20211209050915.0 |
| 008 - FIXED-LENGTH DATA ELEMENTS--GENERAL INFORMATION | |
| fixed length control field | 140318t1966 inub b 001 0 eng |
| 035 ## - SYSTEM CONTROL NUMBER | |
| System control number | (BD-RjUL)25705 |
| 040 ## - CATALOGING SOURCE | |
| Original cataloging agency | DLC |
| Transcribing agency | DLC |
| Modifying agency | BD-RjUL |
| -- | DLC |
| Language of cataloging | eng |
| 041 ## - LANGUAGE CODE | |
| Language code of text/sound track or separate title | eng |
| 082 00 - DEWEY DECIMAL CLASSIFICATION NUMBER | |
| Classification number | 915.84 |
| Author mark and year | KRP 1966 |
| 100 1# - MAIN ENTRY--PERSONAL NAME | |
| Personal name | Krader, Lawrence. |
| 9 (RLIN) | 78766 |
| 245 10 - TITLE STATEMENT | |
| Title | Peoples of Central Asia / |
| Statement of responsibility, etc. | by Lawrence krader. |
| 250 ## - EDITION STATEMENT | |
| Edition statement | 2nd ed. |
| 260 ## - PUBLICATION, DISTRIBUTION, ETC. (IMPRINT) | |
| Place of publication, distribution, etc. | Bloomington : |
| Name of publisher, distributor, etc. | Indiana University, |
| Date of publication, distribution, etc. | c1966. |
| 300 ## - PHYSICAL DESCRIPTION | |
| Pagination | xvi, 322 p. : |
| Illustrations | 2 fold. maps (in pocket) ; |
| Size | 26 cm. |
| 490 1# - SERIES STATEMENT | |
| Series statement | Indiana University publications. Uralic and Altaic series, v. 26 |
| Series statement | Research and studies in Uralic and Altaic Languages. Project no. 12 and 62. |
| 504 ## - BIBLIOGRAPHY, ETC. NOTE | |
| Bibliography, etc | includes index. |
| 650 #0 - SUBJECT ADDED ENTRY--TOPICAL TERM | |
| Topical term or geographic name as entry element | Ethnology |
| Geographic subdivision | Asia, Central. |
| 9 (RLIN) | 78767 |
| 830 #0 - SERIES ADDED ENTRY--UNIFORM TITLE | |
| Volume number/sequential designation | no. 12 [etc.] |
| Uniform title | Research and Studies in Uralic and Altaic Languages (Program) Project |
| 942 ## - ADDED ENTRY ELEMENTS (KOHA) | |
| Source of classification or shelving scheme | Dewey Decimal Classification |
| Koha item type | Books |
| Lost status | Source of classification or shelving scheme | Damaged status | Not for loan | Collection code | Permanent Location | Current Location | Shelving location | Date acquired | Source of acquisition | Total Checkouts | Full call number | Date last seen | Copy number | Koha item type |
|---|---|---|---|---|---|---|---|---|---|---|---|---|---|---|
| Dewey Decimal Classification | Added to bundle | Non-fiction | Central Library, University of Rajshahi | Central Library, University of Rajshahi | Reading Room | 25/07/1977 | Asia foundation | 915.84 KRP 1966 | 18/03/2014 | C-1 | Books |